000 01013nam a2200265 a 4500
001 ebr10416304
003 CaPaEBR
006 m u
007 cr cn|||||||||
008 100930s2010 ii a sb 000 0 eng d
020 _z9788184885118
040 _aCaPaEBR
_cCaPaEBR
035 _a(OCoLC)700042062
050 1 4 _aHF5549.5.C67
_bB43 2010eb
100 1 _aBhatia, Kanchan.
245 1 0 _aCompensation management
_h[electronic resource] /
_cKanchan Bhatia.
260 _aMumbai :
_bHimalaya Pub. House,
_c2010.
300 _a188 p. :
_bill.
504 _aIncludes bibliographical references.
533 _aElectronic reproduction.
_bPalo Alto, Calif. :
_cebrary,
_d2010.
_nAvailable via World Wide Web.
_nAccess may be limited to ebrary affiliated libraries.
650 0 _aCompensation management.
655 7 _aElectronic books.
_2local
710 2 _aebrary, Inc.
856 4 0 _uhttp://site.ebrary.com/lib/rucke/Doc?id=10416304
_zAn electronic book accessible through the World Wide Web; click to view
999 _c84271
_d84271